000 00516nmm a2200169Ia 4500
008 251105s9999||||xx |||||||||||||||||und||
020 _a8470305662
041 _aspa
100 _aPérez Medina, Tomás
245 0 _aLa santería cubana :
_b El camino de Osha. Ceremonias, ritos y secretos
264 _a[Madrid, España] :
_bBiblioteca Nueva,
_c2005
300 _a490 páginas
490 _aEnsayo Pensamiento
650 _aReligion(s)
856 _uhttps://public.digitaliapublishing.com/a/4492
942 _cCF
999 _c73118
_d73118